LEADER 01080nam0-22003731i-450- 001 990002870010403321 005 20090407100553.0 010 $a88-7187-614-8 035 $a000287001 035 $aFED01000287001 035 $a(Aleph)000287001FED01 035 $a000287001 100 $a20030910d19951996km-y0itay50------ba 101 0 $aita 102 $aIT 200 1 $aIntroduzione ai mercati dei futures e delle opzioni$fJohn C. Hull 210 $aEnglewood Cliffs$aMilano$cPrentice Hall$cIl Sole 24 ore$dc1995$dc1996 225 1 $aManuali Il Sole 24 Ore 610 0 $aMatematica finanziaria 610 0 $aMercati finanziari 610 0 $aScelta degli investimenti 610 0 $aOpzioni 610 0 $aFutures 676 $a331.01 700 1$aHull,$bJohn C.$f<1946- >$089443 801 0$aIT$bUNINA$gRICA$2UNIMARC 901 $aBK 912 $a990002870010403321 952 $a645 sez. Andriello$b645$fDARPU 952 $aMIV-C-45$b4149$fMAS 959 $aDARPU 959 $aMAS 996 $aIntroduction to futures and options markets$914223 997 $aUNINA LEADER 01060nas 2200397 c 450 001 9910891474803321 005 20260218110100.0 011 $a2045-8525 035 $a(CKB)2660000000033213 035 $a(OCoLC)812216878 035 $a(DE-101)1024976947 035 $a(DE-599)ZDB2676925-6 035 $a(DE-599)2676925-6 035 $a(EXLCZ)992660000000033213 100 $a20120809a20119999 |y | 101 0 $aeng 135 $aur||||||||||| 181 $ctxt$2rdacontent 182 $cc$2rdamedia 183 $acr$2rdacarrier 200 00$aAfrican journal of law and criminology$eAJLC 210 31$aLondon$cSacha International Academic Journals$d2011- 215 $aOnline-Ressource 300 $aGesehen am 29.06.20 311 08$a2045-8401 517 3 $aAJLC 608 $aZeitschrift$2gnd-content 676 $a340 686 $a2,1$2ssgn 801 0$b0355 801 1$bDE-101 801 2$b9001 906 $aJOURNAL 912 $a9910891474803321 996 $aAfrican journal of law and criminology$94231846 997 $aUNINA